Logo BPK

Bibliografia Prac Pracowników

Politechniki Koszalińskiej

Wzrost patogenów ziemniaka na podłożach z dodatkiem wyciągów z roślin z rodziny Rdestowate (polygonaceae) / (Rekord nr 946)

Szczegóły MARC
000 -ETYKIETA REKORDU
podpole kontrolne o stałej długości 00945nab a2200217 i 4500
001 - NUMER KONTROLNY REKORDU
podpole kontrolne BPP
003 - IDENTYFIKATOR NUMERU KONTROLNEGO REKORDU
podpole kontrolne BPK
005 - DATA OSTATNIEJ MODYFIKACJI REKORDU
podpole kontrolne 20160412093110.0
008 - POLE O STAŁEJ DŁUGOŚCI - DANE KONTROLNE
podpole kontrolne o stałej długości 160105s1997 pl | | |000 ||pol
040 ## - ŹRÓDŁO KATALOGOWANIA
Instytucja, która utworzyła rekord BPK
080 ## - UNIWERSALNA KLASYFIKACJA DZIESIĘTNA - UKD
UKD 632
100 ## - NAZWA OSOBOWA
Nazwa osobowa SAS-PIOTROWSKA, Bronisława.
Lata pracy 1996 - .
Instytucja Politechnika Koszalińska - Wydział Mechaniczny,
Wydział Katedra Biologicznych Podstaw Rolnictwa
245 ## - TYTUŁ/ODPOWIEDZIALNOŚĆ
Tytuł Wzrost patogenów ziemniaka na podłożach z dodatkiem wyciągów z roślin z rodziny Rdestowate (polygonaceae) /
Pozostałe elementy strefy tytułu i oznaczenia odpowiedzialności Bronisława Sas-Piotrowska, Wojciech Piotrowski.
260 ## - STREFA ADRESU WYDAWNICZEGO
Data publikacji, dystrybucji/powstania dokumentu 1997.
500 ## - UWAGI OGÓLNE
Tekst uwagi Dane z bibliografii załącznikowej.
650 #0 - HASŁO PRZEDMIOTOWE W FORMIE NAZWY OGÓLNEJ LUB JEDNOSTKOWEJ
Nazwa ogólna lub geograficzna Rośliny - ochrona.
650 #0 - HASŁO PRZEDMIOTOWE W FORMIE NAZWY OGÓLNEJ LUB JEDNOSTKOWEJ
Nazwa ogólna lub geograficzna Ziemniaki - choroby.
700 ## - HASŁO DODATKOWE - NAZWA OSOBOWA
Nazwa osobowa PIOTROWSKI, Wojciech.
Lata pracy 1996 - .
Instytucja Politechnika Koszalińska - Wydział Mechaniczny,
Wydział Katedra Biologicznych Podstaw Rolnictwa
773 ## - TYTUŁ DOKUMENTU MACIERZYSTEGO
Wyrażenie wprowadzające W :
Tytuł Biuletyn Instytutu Ziemniaka. -
Informacje dotyczące relacji 1997, T.48/II, s. 91-99
942 ## - HASŁO DODATKOWE - ELEMENTY(KOHA)
Typ dokumentu Artykuł
Schemat klasyfikacji Uniwersalna klasyfikacja dziesiętna

Brak dostępnych egzemplarzy.

© 2014 Biblioteka Politechniki Koszalińskiej :: BIBLIOGRAFIA PRAC PRACOWNIKÓW